Central Library OPAC University of Rajshahi

শ্রমসংগীত / (Record no. 63218)

MARC details
000 -LEADER
fixed length control field 00804nam a2200229 a 4500
001 - CONTROL NUMBER
control field 63218
003 - CONTROL NUMBER IDENTIFIER
rucl marc code BD-RjUL
005 - DATE AND TIME OF LATEST TRANSACTION
control field 20211209081154.0
008 - FIXED-LENGTH DATA ELEMENTS--GENERAL INFORMATION
fixed length control field 170129s2003 ii ||||| |||| 00| 0 ben d
020 ## - INTERNATIONAL STANDARD BOOK NUMBER
International Standard Book Number 8187360526
Terms of availability : Irs 100.00
035 ## - SYSTEM CONTROL NUMBER
System control number (BD-RjUL)63347
040 ## - CATALOGING SOURCE
Original cataloging agency BD-RjUL
Language of cataloging ben
Transcribing agency BD-RjUL
041 ## - LANGUAGE CODE
Language code of text/sound track or separate title ben
082 ## - DEWEY DECIMAL CLASSIFICATION NUMBER
Edition number 23
Classification number 782.4209144
Author mark and year JHS 2003
100 ## - MAIN ENTRY--PERSONAL NAME
Personal name ঝা, শক্তিনাথ
9 (RLIN) 184443
245 10 - TITLE STATEMENT
Title শ্রমসংগীত /
Statement of responsibility, etc. শক্তিনাথ ঝা
260 ## - PUBLICATION, DISTRIBUTION, ETC. (IMPRINT)
Place of publication, distribution, etc. কলিকাতা :
Name of publisher, distributor, etc. লোকসংস্কৃতি ও আদিবাসি,
Date of publication, distribution, etc. ২০০৩
300 ## - PHYSICAL DESCRIPTION
Pagination [১০], ২০৩ পৃ. :
Illustrations চিত্র ;
Size ২১ সেমি.
650 ## - SUBJECT ADDED ENTRY--TOPICAL TERM
Topical term or geographic name as entry element ফোক গান
9 (RLIN) 188165
Topical term or geographic name as entry element Folk Song
9 (RLIN) 179251
942 ## - ADDED ENTRY ELEMENTS (KOHA)
Source of classification or shelving scheme Dewey Decimal Classification
Koha item type Books
Holdings
Lost status Source of classification or shelving scheme Damaged status Not for loan Collection code Permanent Location Current Location Shelving location Date acquired Source of acquisition Cost, normal purchase price Total Checkouts Full call number Date last seen Copy number Koha item type
  Dewey Decimal Classification   Not For Loan Non-fiction Central Library, University of Rajshahi Central Library, University of Rajshahi Reading Room 23/01/2008 Paragon Enterprises Dhaka 100.00   B 782.4209144 JHS 2003 29/01/2017 C-1 Books
  Dewey Decimal Classification     Non-fiction Central Library, University of Rajshahi Central Library, University of Rajshahi   28/12/2008 Paragon Enterprises Dhaka 100.00   B 782.4209144 JHS 2003 29/01/2017 C-2 Books